Cartoon Character Blitz II Quiz Stats

 Plays Quiz Updated Mar 4, 2017

Challenge
Share
Tweet
Score 0/16 Timer 01:00
2 Plays Today
% Correct
Daffy Duck
95.6%
Winnie the Pooh
95.2%
Smurfette
94.7%
Charlie Brown
94.6%
Betty Boop
94.2%
Jane Jetson
92.8%
Clifford
92.2%
Kim Possible
91.4%
% Correct
Ferb
87.1%
Batman
86.1%
Timmy Turner
85.8%
Blossom
85.4%
Goku
84.7%
Eddy
81.1%
Space Ghost
80.1%
Finn the Human
77.6%

You're not logged in!

Compare scores with friends on all Sporcle quizzes.
OR
Log In

You Might Also Like...

Show Comments

Extras

Top Quizzes Today


Score Distribution

Your Account Isn't Verified!

In order to create a playlist on Sporcle, you need to verify the email address you used during registration. Go to your Sporcle Settings to finish the process.

Report this User

Report this user for behavior that violates our Community Guidelines.

Details: